000 00599nam a2200205Ia 4500
003 IIN
005 20240102144603.0
008 231217s9999 xx 000 0 und d
020 _cRs.2799.00
_a9789387963726
040 _aIIN
_bEnglish
082 _a610.73677
_bSHA
100 1 _aSharma, Suresh K.
245 _a Textbook of Medical- Surgical Nursing
_cBrunner and Suddarth
250 _aSouth Asia ed
_bSuresh K. Sharma and
260 _bWolters Kluwer
_aNew Delhi
_c2018
300 _axiii[3] 4-1104 p. / Vol.1
650 _aMedical Surgical
_vNursing
700 1 _aMadhavi, S
942 _cBOOK
999 _c1033
_d1033